000 00556nam a2200193 a 4500
005 20210219160247.0
008 081001s2000 mx r 000 0 spa d
035 _aUPN01000161744
049 _aUNE
080 _a321 (72) COS.
100 1 _aCosío Villegas, Daniel.
245 1 3 _aEl Estilo personal de gobernar/ Daniel Cosío Villegas. --
260 _aMéxico : Joaquín Mortiz, 1974.
300 _a128 p.
440 0 _a(Cuadernos de Joaquín Mortiz)
690 _aPoder politico- Mexico
690 _aJefe de Estado- Mexico
905 _aUNESCO
999 _c133857
_d133857